Êtes-vous rapide ? Test de rapidité amn - Statistiques

Statistiques générales
  • Ce quiz a été pris 374 fois
  • Le résultat moyen est 7 sur 9
Statistiques - réponses
Lettres Réponse % Correct
Adb Adb
100%
Zfn Zfn
94%
Egw Egw
93%
Rhx Rhx
90%
Tjc Tjc
83%
Ykv Ykv
69%
Ulm Ulm
60%
Iqs Iqs
36%
Op Op
31%
Aucun quiz correspondant
Distribution des résultats
% des personnes avec chaque résultat
Percentile par nombre de réponses
Votre historique - résultats
Vous n’avez pas pris ce quiz